[Event "Spilimbergo op 19th"]
[Site "Spilimbergo"]
[Date "2021.08.11"]
[Round "4"]
[White "Leniart, Arkadiusz"]
[Black "Aleksic, Nenad"]
[Result "1/2-1/2"]
[WhiteElo "2493"]
[BlackElo "2280"]
[PlyCount "53"]
[EventDate "2021.08.09"]
[EventType "swiss"]
[EventRounds "9"]
[EventCountry "ITA"]
[SourceTitle "CBM 203 Extra"]
[Source "ChessBase"]
[SourceDate "2021.09.30"]
[SourceVersion "1"]
[SourceVersionDate "2021.09.30"]
[SourceQuality "1"]

1. d4 Nf6 2. c4 e6 3. Nc3 Bb4 4. Qc2 0-0 5. a3 Bxc3+ 6. Qxc3 b6 7. Bg5 Bb7 8. f3 d6 9. e4 c5 10. dxc5 bxc5 11. Rd1 Nc6 12. Qd2 Nd4 13. Ne2 e5 14. Nxd4 cxd4 15. Qc2 h6 16. Bh4 a5 17. b3 Qe7 18. Bd3 Rfb8 19. 0-0 g5 20. Be1 Bc6 21. Rb1 Nd7 22. b4 axb4 23. axb4 Ra3 24. b5 Bb7 25. Bb4 Raa8 26. Ra1 Nc5 27. Qb2 1/2-1/2

[Event "Spilimbergo op 19th"]
[Site "Spilimbergo"]
[Date "2021.08.10"]
[Round "2"]
[White "Sonis, Francesco"]
[Black "Aleksic, Nenad"]
[Result "1-0"]
[WhiteElo "2508"]
[BlackElo "2280"]
[PlyCount "65"]
[EventDate "2021.08.09"]
[EventType "swiss"]
[EventRounds "9"]
[EventCountry "ITA"]
[SourceTitle "CBM 203 Extra"]
[Source "ChessBase"]
[SourceDate "2021.09.30"]
[SourceVersion "1"]
[SourceVersionDate "2021.09.30"]
[SourceQuality "1"]

1. Nf3 Nf6 2. c4 b6 3. g3 Bb7 4. Bg2 g6 5. 0-0 Bg7 6. d3 0-0 7. Nc3 c5 8. e4 Nc6 9. h3 Ne8 10. Be3 Nd4 11. Bxd4 cxd4 12. Ne2 e5 13. Nd2 d6 14. f4 f5 15. Rf2 Qd7 16. Qf1 Rc8 17. exf5 Rxf5 18. Bxb7 Qxb7 19. g4 Rf8 20. b3 Rc7 21. Ne4 d5 22. cxd5 Qxd5 23. f5 gxf5 24. Rxf5 Rcf7 25. N2g3 Nd6 26. Nxd6 Qxd6 27. Rxf7 Rxf7 28. Nf5 Qe6 29. Rc1 h5 30. Qf3 Qf6 31. Rc8+ Bf8 32. Qd5 hxg4 33. Rxf8+ 1-0

[Event "Amantea op 16th"]
[Site "Amantea"]
[Date "2018.09.11"]
[Round "3"]
[White "Aleksic, Nenad"]
[Black "Basso, Pier Luigi"]
[Result "0-1"]
[WhiteElo "2307"]
[BlackElo "2516"]
[PlyCount "154"]
[EventDate "2018.09.09"]
[EventType "swiss"]
[EventRounds "9"]
[EventCountry "ITA"]
[SourceTitle "CBM 186 Extra"]
[Source "ChessBase"]
[SourceDate "2018.08.24"]
[SourceVersion "1"]
[SourceVersionDate "2018.08.24"]
[SourceQuality "1"]

1. e4 e5 2. Nf3 Nc6 3. d3 Nf6 4. c3 g6 5. Be2 Bg7 6. 0-0 0-0 7. b4 a6 8. Nbd2 d5 9. a3 Re8 10. Bb2 b6 11. Re1 Bb7 12. Bf1 Qd7 13. Qc2 Rad8 14. Rad1 Qc8 15. g3 Qa8 16. Bg2 dxe4 17. dxe4 Na7 18. Ra1 Nb5 19. Re2 a5 20. a4 Nd6 21. Rae1 Nd7 22. Ba3 Bf8 23. h3 Rc8 24. Nh2 axb4 25. cxb4 Bc6 26. b5 Bxb5 27. axb5 Qxa3 28. Nc4 Qc5 29. Nxd6 Qxc2 30. Rxc2 Bxd6 31. Ng4 Ra8 32. Bf1 Ra4 33. Bc4 h5 34. Ne3 Rea8 35. Bd5 Ra1 36. Rcc1 Rxc1 37. Rxc1 Ra4 38. Nc4 Nc5 39. Rc3 Kg7 40. Kg2 Rb4 41. Bc6 Nb3 42. Bd5 Nc5 43. Bc6 h4 44. gxh4 Ne6 45. Nxd6 cxd6 46. Ra3 Nf4+ 47. Kf3 Rb1 48. Ke3 Rd1 49. f3 Kh6 50. Ra6 Kh5 51. Rxb6 Kxh4 52. Kf2 Rd2+ 53. Ke1 Rb2 54. Be8 Kg3 55. Rxd6 Kxf3 56. Kd1 Kxe4 57. Kc1 Rb4 58. Bxf7 Rxb5 59. Bxg6+ Ke3 60. Bf5 Ne2+ 61. Kd1 Nd4 62. Bg6 Rb2 63. Kc1 Rg2 64. h4 Ne2+ 65. Kd1 Nf4 66. h5 e4 67. Kc1 Rh2 68. Rd8 Rg2 69. Bf7 Rh2 70. Bg6 Rg2 71. Bf7 Rg7 72. Rf8 Rg5 73. Rh8 Kf2 74. h6 e3 75. Re8 e2 76. h7 Rg1+ 77. Kc2 Rh1 0-1

[Event "Porto San Giorgio op"]
[Site "Porto San Giorgio"]
[Date "2017.08.31"]
[Round "9"]
[White "Aleksic, Nenad"]
[Black "Bettalli, Francesco"]
[Result "1-0"]
[WhiteElo "2318"]
[BlackElo "2163"]
[PlyCount "92"]
[EventDate "2017.08.23"]
[EventType "swiss"]
[EventRounds "9"]
[EventCountry "ITA"]
[SourceTitle "CBM 180 Extra"]
[Source "ChessBase"]
[SourceDate "2017.10.06"]
[SourceVersion "1"]
[SourceVersionDate "2017.10.06"]
[SourceQuality "1"]

1. e4 c5 2. Nf3 Nc6 3. d4 cxd4 4. Nxd4 Nf6 5. Nc3 e5 6. Ndb5 d6 7. Bg5 a6 8. Na3 b5 9. Nd5 Be7 10. Bxf6 Bxf6 11. c4 b4 12. Nc2 a5 13. g3 Bg5 14. Bg2 0-0 15. 0-0 Ne7 16. Nce3 Bxe3 17. Nxe3 Be6 18. Qd3 Qb6 19. b3 Rfd8 20. Rfd1 Rac8 21. Rd2 Nc6 22. Rad1 Nb8 23. Nf5 Bxf5 24. exf5 Na6 25. f6 d5 26. Bxd5 Qxf6 27. Qe3 g6 28. Bb7 Rxd2 29. Rxd2 Re8 30. Bxa6 Qxa6 31. Rd7 Qc6 32. Rd5 a4 33. Rxe5 Ra8 34. Qe4 Qxe4 35. Rxe4 axb3 36. axb3 Ra1+ 37. Kg2 Rb1 38. Re3 Kg7 39. h4 h5 40. Kf3 Kf6 41. Ke4 Rb2 42. Rf3+ Ke6 43. Kd4 Kd6 44. c5+ Kc6 45. Kc4 Rc2+ 46. Kxb4 Rxc5 1-0

[Event "Spilimbergo op 15th"]
[Site "Spilimbergo"]
[Date "2017.08.11"]
[Round "2"]
[White "Aleksic, Nenad"]
[Black "Kovacevic, Blazimir"]
[Result "1/2-1/2"]
[WhiteElo "2304"]
[BlackElo "2493"]
[PlyCount "41"]
[EventDate "2017.08.10"]
[EventType "swiss"]
[EventRounds "9"]
[EventCountry "ITA"]
[SourceTitle "EXT 2019"]
[Source "ChessBase"]
[SourceDate "2018.10.10"]
[SourceVersion "1"]
[SourceVersionDate "2018.10.10"]
[SourceQuality "1"]

1. e4 e6 2. d4 d5 3. Nc3 Bb4 4. e5 c5 5. Qg4 Ne7 6. Nf3 cxd4 7. Nxd4 Ng6 8. Bd3 0-0 9. Bxg6 fxg6 10. 0-0 Be7 11. Be3 Nc6 12. Nxc6 bxc6 13. Na4 Rb8 14. b3 Rb4 15. c4 dxc4 16. Bc5 Bxc5 17. Nxc5 Qb6 18. a3 Rb5 19. b4 a5 20. Qxc4 axb4 21. Nxe6 1/2-1/2

[Event "Porto San Giorgio op 27th"]
[Site "Porto San Giorgio"]
[Date "2016.08.25"]
[Round "6"]
[White "Rodriguez Vila, Andres"]
[Black "Aleksic, Nenad"]
[Result "1-0"]
[WhiteElo "2498"]
[BlackElo "2330"]
[PlyCount "35"]
[EventDate "2016.08.20"]
[EventType "swiss"]
[EventRounds "9"]
[EventCountry "ITA"]
[SourceTitle "CBM 174 Extra"]
[Source "ChessBase"]
[SourceDate "2016.10.10"]
[SourceVersion "1"]
[SourceVersionDate "2016.10.10"]
[SourceQuality "1"]

1. e4 c5 2. Nf3 d6 3. d4 cxd4 4. Nxd4 Nf6 5. Nc3 a6 6. Be3 e6 7. Qf3 Nbd7 8. Be2 Qc7 9. 0-0-0 Ne5 10. Qg3 Nc4 11. Bg5 b5 12. b3 Nb6 13. Bxb5+ axb5 14. Ndxb5 Qc5 15. Be3 Qc6 16. Nxd6+ Bxd6 17. Rxd6 Qxc3 18. Rd8+ 1-0

[Event "Porto San Giorgio op 27th"]
[Site "Porto San Giorgio"]
[Date "2016.08.22"]
[Round "3"]
[White "Luciani, Valerio"]
[Black "Aleksic, Nenad"]
[Result "1/2-1/2"]
[WhiteElo "2144"]
[BlackElo "2330"]
[PlyCount "34"]
[EventDate "2016.08.20"]
[EventType "swiss"]
[EventRounds "9"]
[EventCountry "ITA"]
[SourceTitle "CBM 174 Extra"]
[Source "ChessBase"]
[SourceDate "2016.10.10"]
[SourceVersion "1"]
[SourceVersionDate "2016.10.10"]
[SourceQuality "1"]

1. d4 Nf6 2. c4 g6 3. Nc3 d5 4. cxd5 Nxd5 5. e4 Nb6 6. Be3 Bg7 7. Nf3 Bg4 8. Be2 0-0 9. Qd2 Nc6 10. 0-0-0 Bxf3 11. gxf3 e5 12. d5 Nd4 13. Nb5 Nxe2+ 14. Qxe2 Nc8 15. Kb1 a6 16. Nc3 Nd6 17. h4 h5 1/2-1/2

[Event "Porto San Giorgio op 27th"]
[Site "Porto San Giorgio"]
[Date "2016.08.20"]
[Round "1"]
[White "Faccia, Sergio"]
[Black "Aleksic, Nenad"]
[Result "0-1"]
[WhiteElo "2026"]
[BlackElo "2330"]
[PlyCount "62"]
[EventDate "2016.08.20"]
[EventType "swiss"]
[EventRounds "9"]
[EventCountry "ITA"]
[SourceTitle "CBM 174 Extra"]
[Source "ChessBase"]
[SourceDate "2016.10.10"]
[SourceVersion "1"]
[SourceVersionDate "2016.10.10"]
[SourceQuality "1"]

1. e4 c5 2. b4 b6 3. bxc5 bxc5 4. Nf3 e6 5. Bc4 Nf6 6. Qe2 Be7 7. Nc3 0-0 8. e5 Ne8 9. 0-0 Nc6 10. Ne4 f5 11. Ng3 Nc7 12. c3 Na5 13. Bd3 Rb8 14. Re1 Bb7 15. Rb1 Nd5 16. Bc2 c4 17. Nf1 Qc7 18. g3 Bc5 19. Ne3 Qc6 20. Nxd5 Qxd5 21. Bd1 Ba8 22. Rxb8 Rxb8 23. Qf1 Rb1 24. Be2 Nc6 25. Qg2 Nxe5 26. Nh4 Ba3 27. f4 Nd3 28. Bxd3 cxd3 29. Qxd5 Bxd5 30. Bxa3 Rxe1+ 31. Kf2 Re2+ 0-1

[Event "Porto San Giorgio op 26th"]
[Site "Porto San Giorgio"]
[Date "2015.08.29"]
[Round "8"]
[White "Aleksic, Nenad"]
[Black "Romanishin, Oleg M"]
[Result "0-1"]
[WhiteElo "2337"]
[BlackElo "2471"]
[PlyCount "84"]
[EventDate "2015.08.22"]
[EventType "swiss"]
[EventRounds "9"]
[EventCountry "ITA"]
[SourceTitle "EXT 2016"]
[Source "ChessBase"]
[SourceDate "2015.10.08"]
[SourceVersion "1"]
[SourceVersionDate "2015.10.08"]
[SourceQuality "1"]

1. d4 Nf6 2. Nf3 g6 3. Bg5 Bg7 4. Nbd2 d5 5. e3 0-0 6. Bd3 c5 7. c3 Qb6 8. Rb1 Nc6 9. 0-0 e5 10. Nxe5 Nxe5 11. dxe5 Ng4 12. Nf3 Nxe5 13. Nxe5 Bxe5 14. Bc2 Bg7 15. Qd2 Be6 16. Bb3 h6 17. Bh4 g5 18. Bg3 Rad8 19. Rfd1 d4 20. Bxe6 dxc3 21. Qc2 Qxe6 22. bxc3 Qc4 23. Bd6 Rfe8 24. Rxb7 Bf8 25. Bxf8 Qe4 26. Qe2 Rxd1+ 27. Qxd1 Qxb7 28. Bxc5 Rb8 29. h4 Qb1 30. Qxb1 Rxb1+ 31. Kh2 Rb2 32. Bxa7 Rxa2 33. Bd4 Rxf2 34. hxg5 hxg5 35. Kg3 Rf1 36. c4 Kh7 37. c5 Kg6 38. Be5 Kf5 39. Bd6 Rc1 40. Be7 Rc3 41. Kf3 g4+ 42. Kf2 Ke4 0-1

[Event "Porto San Giorgio op 26th"]
[Site "Porto San Giorgio"]
[Date "2015.08.27"]
[Round "6"]
[White "Vincenzi, Marco"]
[Black "Aleksic, Nenad"]
[Result "0-1"]
[WhiteElo "2083"]
[BlackElo "2337"]
[PlyCount "86"]
[EventDate "2015.08.22"]
[EventType "swiss"]
[EventRounds "9"]
[EventCountry "ITA"]
[SourceTitle "EXT 2016"]
[Source "ChessBase"]
[SourceDate "2015.10.08"]
[SourceVersion "1"]
[SourceVersionDate "2015.10.08"]
[SourceQuality "1"]

1. d4 Nf6 2. c4 e6 3. Nf3 b6 4. a3 Ba6 5. Qc2 Bb7 6. Nc3 c5 7. e4 cxd4 8. Nxd4 Bc5 9. Nb3 Nc6 10. Bf4 e5 11. Bg5 h6 12. Bh4 a5 13. Be2 0-0 14. 0-0 Be7 15. Bxf6 Bxf6 16. Rad1 a4 17. Na1 Nd4 18. Qd3 Bc6 19. Nc2 Nxc2 20. Qxc2 Be7 21. Rd3 Bc5 22. Rg3 Qe7 23. Qd2 Kh8 24. Bd1 Bd4 25. Ne2 Bc5 26. Nc3 Qd6 27. Qe2 Bd4 28. Qg4 g6 29. Rh3 Kg7 30. Ne2 Rh8 31. Ng3 Kf8 32. Qe2 h5 33. Qd2 h4 34. Qg5 Qe7 35. Qg4 d6 36. Qf3 Bd7 37. Nf5 gxf5 38. exf5 e4 39. Qf4 Qe5 40. Rxh4 Qxf4 41. Rxf4 Be5 42. Rxe4 Bxh2+ 43. Kh1 Bxf5 0-1

[Event "Giovinazzo  Sole di Puglia 1st"]
[Site "Giovinazzo"]
[Date "2015.07.24"]
[Round "7"]
[White "Aleksic, Nenad"]
[Black "Naumkin, Igor"]
[Result "1/2-1/2"]
[WhiteElo "2337"]
[BlackElo "2437"]
[PlyCount "39"]
[EventDate "2015.07.19"]
[EventType "swiss"]
[EventRounds "9"]
[EventCountry "ITA"]
[SourceTitle "EXT 2024"]
[Source "ChessBase"]
[SourceDate "2023.10.10"]
[SourceVersion "1"]
[SourceVersionDate "2023.10.10"]
[SourceQuality "1"]

1. d4 Nf6 2. Nf3 e6 3. c3 b6 4. Bf4 Bb7 5. Nbd2 Be7 6. e3 c5 7. Bd3 Nc6 8. h3 0-0 9. 0-0 cxd4 10. exd4 Nd5 11. Bh2 d6 12. Re1 a6 13. a4 Re8 14. Qe2 Bf8 15. Rad1 g6 16. Nc4 Rb8 17. Ne3 Nc7 18. Bg3 b5 19. axb5 axb5 20. Bh4 1/2-1/2

[Event "Giovinazzo  Sole di Puglia 1st"]
[Site "Giovinazzo"]
[Date "2015.07.22"]
[Round "5"]
[White "Belezky, Alexander"]
[Black "Aleksic, Nenad"]
[Result "1/2-1/2"]
[WhiteElo "2454"]
[BlackElo "2337"]
[PlyCount "41"]
[EventDate "2015.07.19"]
[EventType "swiss"]
[EventRounds "9"]
[EventCountry "ITA"]
[SourceTitle "EXT 2024"]
[Source "ChessBase"]
[SourceDate "2023.10.10"]
[SourceVersion "1"]
[SourceVersionDate "2023.10.10"]
[SourceQuality "1"]

1. Nf3 Nf6 2. g3 b6 3. Bg2 Bb7 4. d3 e6 5. 0-0 c5 6. e4 d5 7. Nbd2 Nc6 8. Re1 Be7 9. c3 Qc7 10. a3 h6 11. b4 dxe4 12. dxe4 0-0-0 13. Qe2 g5 14. e5 Nd7 15. Nc4 Kb8 16. b5 Na5 17. Nxa5 bxa5 18. c4 a4 19. Bb2 Nb6 20. Bc3 Rd7 21. Red1 1/2-1/2

[Event "Milan Crespi op-A 35th"]
[Site "Milan"]
[Date "2014.12.08"]
[Round "4"]
[White "Motola, Jacopo"]
[Black "Aleksic, Nenad"]
[Result "1/2-1/2"]
[WhiteElo "2069"]
[BlackElo "2328"]
[PlyCount "82"]
[EventDate "2014.12.06"]
[EventType "swiss"]
[EventRounds "9"]
[EventCountry "ITA"]
[SourceTitle "EXT 2016"]
[Source "ChessBase"]
[SourceDate "2015.10.08"]
[SourceVersion "1"]
[SourceVersionDate "2015.10.08"]
[SourceQuality "1"]

1. e4 b6 2. d4 Bb7 3. Bd3 e6 4. Nf3 c5 5. c3 Nf6 6. Qe2 d6 7. h3 Be7 8. Bg5 a6 9. Nbd2 h6 10. Bh4 Nh5 11. Bxe7 Qxe7 12. Qe3 Nf6 13. 0-0 Nbd7 14. Nc4 d5 15. Ncd2 dxe4 16. Nxe4 0-0 17. dxc5 Nd5 18. Qd2 bxc5 19. Rfe1 Rfd8 20. Rad1 N7f6 21. Nxf6+ Qxf6 22. Be4 Rab8 23. Qc1 Ba8 24. Ne5 Nf4 25. Bxa8 Rxa8 26. Qe3 Rac8 27. Kh2 Nd5 28. Qe4 Qxf2 29. Rf1 Qe3 30. Qxe3 Nxe3 31. Rxd8+ Rxd8 32. Rf3 Nf5 33. Rd3 Rd5 34. Rxd5 exd5 35. Nd7 c4 36. Nc5 a5 37. Nb7 a4 38. Nc5 a3 39. bxa3 d4 40. cxd4 Nxd4 41. Kg1 Kf8 1/2-1/2